| 000 | 00539nam a2200169 a 4500 | ||
|---|---|---|---|
| 001 | 000048142 | ||
| 005 | 20201002060940.0 | ||
| 008 | 181121s1979 dr a 000 0 spa d | ||
| 040 |
_aDO-SdBNP _bspa _cBNPHU |
||
| 082 |
_axxx _bH519h |
||
| 100 | 1 |
_aHenríquez Vásquez, Francisco _938858 |
|
| 245 | 1 | 0 |
_aHistoria social dominicana (hist-oll); : _bapuntes de catedra / _cFrancisco Henríquez Vásquez. |
| 250 | _a2a.ed. | ||
| 260 |
_aSanto Domingo : _bCosmos, _c1979. |
||
| 300 |
_a202 p. : _bil., ; _c21 cm. |
||
| 590 | _aInventariado, 2018/MFF | ||
| 999 |
_c47630 _d47630 |
||